| 000 | 01081 a2200193 4500 | ||
|---|---|---|---|
| 001 | 53831 | ||
| 005 | 20260407155809.0 | ||
| 008 | 260407a1978 arg spa d | ||
| 003 | AR-UNSa-BCEJYS | ||
| 040 |
_aAR-UNSa-BCEJYS _bspa _cAR-UNSa-BCEJYS |
||
| 080 |
_a330(82) _xEconomia Argentina |
||
| 245 | 1 | 0 | _aCrisis de la política económica Argentina |
| 264 | 1 |
_aBuenos Aires : _bAstrea _c1978 |
|
| 300 |
_a287 p. _c20 cm. |
||
| 505 | _a1. El antikeynesismo como pretexto para ocultar la realidad económica - 2. Monetarismo o fiscalismo (una falsa alternativa) - 3. La estructura del gasto público nacional,el crecimiento económico y la estabilidad monetaria - 4. La presión fiscal sobre el factor tierra.Su inoperancia - 5. La incidencia económica y financiera de ciertos incentivos a la exportación - 6. Mercados de títulos públicos y política monetaria - 7. La inflación condicionada por la dependencia - 8. Presupuestos básicos y proposiciones para la transformación | ||
| 942 | _cBK | ||
| 590 | _aniveau_biblio:m niveau_hierar:0 | ||
| 100 | 1 | _aLascano, Marcelo Ramón | |
| 999 |
_c5255 _d5255 |
||